Business Statistics (Record no. 10776)
[ view plain ]
| 000 -LEADER | |
|---|---|
| fixed length control field | 00368nam a2200157Ia 4500 |
| 008 - FIXED-LENGTH DATA ELEMENTS--GENERAL INFORMATION | |
| fixed length control field | 191201s2011 xx 000 0 und d |
| 082 ## - DEWEY DECIMAL CLASSIFICATION NUMBER | |
| Classification number | 658.083 |
| Item number | GUB |
| 100 ## - MAIN ENTRY--PERSONAL NAME | |
| Personal name | GUPTA, S.P. |
| 245 #0 - TITLE STATEMENT | |
| Title | Business Statistics |
| 250 ## - EDITION STATEMENT | |
| Edition statement | 9th |
| 260 ## - PUBLICATION, DISTRIBUTION, ETC. (IMPRINT) | |
| Place of publication, distribution, etc | New Delhi |
| Name of publisher, distributor, etc | S Chand and Sons |
| Date of publication, distribution, etc | 2021 |
| 300 ## - PHYSICAL DESCRIPTION | |
| Extent | 798 |
| 650 ## - SUBJECT ADDED ENTRY--TOPICAL TERM | |
| Topical term or geographic name as entry element | B Com |
| 700 ## - ADDED ENTRY--PERSONAL NAME | |
| Personal name | GUPTA, M.P. |
| 942 ## - ADDED ENTRY ELEMENTS (KOHA) | |
| Source of classification or shelving scheme | Dewey Decimal Classification |
| Koha item type | Text Books |
| 942 ## - ADDED ENTRY ELEMENTS (KOHA) | |
| -- | 8 |
| Withdrawn status | Lost status | Source of classification or shelving scheme | Damaged status | Not for loan | Collection code | Home library | Current library | Date acquired | Source of acquisition | Currency | Cost, normal purchase price | Bill Number | Total Checkouts | Full call number | Acc. no. / Barcode | Date last seen | Date last borrowed | Actual Cost, discounted price | Bill Date | Koha item type |
|---|---|---|---|---|---|---|---|---|---|---|---|---|---|---|---|---|---|---|---|---|
| Dewey Decimal Classification | B.Com | PIET NCR College Library | PIET NCR College Library | 15/07/2021 | Kirti Prakashan | IN Rupees | 490.00 | IN2261 | 3 | 658.083 GUB | N1335 | 07/06/2023 | 30/05/2023 | 401.80 | 15/07/2021 | Text Books | ||||
| Dewey Decimal Classification | B.Com | PIET NCR College Library | PIET NCR College Library | 15/07/2021 | Kirti Prakashan | IN Rupees | 490.00 | IN2261 | 658.083 GUB | N1336 | 04/08/2021 | 401.80 | 15/07/2021 | Reference Books | ||||||
| Dewey Decimal Classification | B.Com | PIET NCR College Library | PIET NCR College Library | 15/07/2021 | Kirti Prakashan | IN Rupees | 490.00 | IN2261 | 1 | 658.083 GUB | N1337 | 11/10/2021 | 13/09/2021 | 401.80 | 15/07/2021 | Text Books | ||||
| Dewey Decimal Classification | B.Com | PIET NCR College Library | PIET NCR College Library | 15/07/2021 | Kirti Prakashan | IN Rupees | 490.00 | IN2261 | 3 | 658.083 GUB | N1338 | 18/10/2021 | 13/09/2021 | 401.80 | 15/07/2021 | Text Books | ||||
| Dewey Decimal Classification | B.Com | PIET NCR College Library | PIET NCR College Library | 15/07/2021 | Kirti Prakashan | IN Rupees | 490.00 | IN2261 | 2 | 658.083 GUB | N1339 | 04/05/2022 | 03/05/2022 | 401.80 | 15/07/2021 | Text Books |